[Event "Jm KP I 24-25 Univerzita B - Kurim A"]
[Site "?"]
[Date "2025.04.06"]
[Round "61.1"]
[White "Gajdos, Daniel"]
[Black "Nemec, David"]
[Result "0-1"]
[WhiteElo "2147"]
[BlackElo "2071"]
[PlyCount "56"]

1. Nf3 c5 2. c4 Nf6 3. Nc3 Nc6 4. g3 d5 5. cxd5 Nxd5 6. d4 cxd4 7. Nxd5 Qxd5 8.
Bg2 e5 9. O-O Be7 10. e3 e4 11. Nxd4 O-O 12. Nxc6 Qxc6 13. Bd2 f5 14. Bc3 Be6
15. Qh5 Bc4 16. Rfc1 Qa6 17. Bd4 Be2 18. f3 Bf6 19. Qxf5 exf3 20. Bf1 Rad8 21.
Bxe2 fxe2 22. Qg4 Qd3 23. Qe6+ Kh8 24. Qb3 Rxd4 25. exd4 Bxd4+ 26. Kg2 Rf2+ 27.
Kh3 Qf5+ 28. g4 Rf3+ 0-1

[Event "Jm KP I 24-25 Univerzita B - Kurim A"]
[Site "?"]
[Date "2025.04.06"]
[Round "61.2"]
[White "Jordanov, Mihail"]
[Black "Ibrahim, Emad Eldin"]
[Result "1-0"]
[WhiteElo "2248"]
[BlackElo "2059"]
[PlyCount "91"]

1. e4 c5 2. Nf3 g6 3. d4 cxd4 4. Qxd4 Nf6 5. c4 Nc6 6. Qe3 Bg7 7. Nc3 d6 8. Be2
Be6 9. Ng5 Bd7 10. O-O h6 11. Nf3 Ng4 12. Qd2 Rc8 13. b3 Qa5 14. Bb2 Nge5 15.
Ne1 b5 16. c5 Nd4 17. Qxd4 Nf3+ 18. Nxf3 Bxd4 19. Nxd4 Rxc5 20. Nd5 Qd2 21.
Rab1 e5 22. Rfd1 Qg5 23. Nf3 Qd8 24. b4 Rc2 25. Bd3 Rxb2 26. Rxb2 O-O 27. Rc2
a5 28. bxa5 Qxa5 29. Nf6+ Kg7 30. Nxd7 Rd8 31. Ndxe5 dxe5 32. Nxe5 f6 33. Nf3
g5 34. Rcd2 Kf8 35. g3 Qc3 36. Ne1 g4 37. Ng2 b4 38. Ne3 h5 39. Nd5 Qd4 40. Nf4
Qb6 41. Nxh5 Re8 42. Bc4 Rxe4 43. Rd8+ Re8 44. R1d7 Rxd8 45. Rf7+ Ke8 46. Ng7#
1-0

[Event "Jm KP I 24-25 Univerzita B - Kurim A"]
[Site "?"]
[Date "2025.04.06"]
[Round "61.3"]
[White "Kisa, Lubomir"]
[Black "Majer, Jiri"]
[Result "1/2-1/2"]
[WhiteElo "2122"]
[BlackElo "2130"]
[PlyCount "34"]

1. d4 Nf6 2. Nf3 g6 3. Bf4 Bg7 4. c3 O-O 5. h3 d6 6. e3 Nbd7 7. a4 c5 8. Be2 b6
9. a5 Rb8 10. axb6 Qxb6 11. Ra2 cxd4 12. exd4 Nd5 13. Bh2 N7f6 14. Nbd2 Be6 15.
Nc4 Qc7 16. Nfd2 Nb6 17. b3 Bh6 1/2-1/2

[Event "Jm KP I 24-25 Univerzita B - Kurim A"]
[Site "?"]
[Date "2025.04.06"]
[Round "61.4"]
[White "Parak, Dominik"]
[Black "Hladik, Josef"]
[Result "1/2-1/2"]
[WhiteElo "2039"]
[BlackElo "1995"]
[PlyCount "59"]

1. e4 e5 2. Nf3 Nc6 3. Bb5 a6 4. Ba4 d6 5. c3 Bd7 6. O-O Nge7 7. d3 Ng6 8. Re1
Be7 9. Nbd2 h6 10. Nf1 Bg5 11. Ne3 Bxe3 12. Bxe3 O-O 13. h3 Qe7 14. Bc2 Rad8
15. Qd2 Nh4 16. Nxh4 Qxh4 17. Rac1 f5 18. exf5 Bxf5 19. d4 exd4 20. cxd4 d5 21.
Bxf5 Rxf5 22. b4 Rd7 23. Rc5 Ne7 24. Qe2 Rf7 25. Qg4 Qxg4 26. hxg4 c6 27. a4
Rf8 28. Rec1 Ra8 29. g3 Kf7 30. Kg2 1/2-1/2

[Event "Jm KP I 24-25 Univerzita B - Kurim A"]
[Site "?"]
[Date "2025.04.06"]
[Round "61.5"]
[White "Tvrdy, Radovan"]
[Black "Pavlik, Vladimir"]
[Result "0-1"]
[WhiteElo "1812"]
[BlackElo "2010"]
[PlyCount "64"]

1. e4 c5 2. d4 cxd4 3. c3 d3 4. Bxd3 Nc6 5. Nf3 d6 6. Bc4 Qc7 7. Qb3 e6 8. Be3
Bd7 9. Bd3 Nf6 10. h3 h6 11. Nbd2 Be7 12. a4 d5 13. O-O g5 14. exd5 Nxd5 15.
Bd4 Nxd4 16. cxd4 g4 17. hxg4 Rg8 18. Ne5 Nf6 19. Rac1 Bc6 20. Rxc6 bxc6 21.
Rc1 c5 22. Bb5+ Kf8 23. Qf3 Kg7 24. b4 Qd6 25. g5 hxg5 26. Ne4 Qxd4 27. Nxf6
Bxf6 28. Nd7 cxb4 29. Rd1 Qf4 30. Qd3 Rh8 31. g3 Qf5 32. Qd6 Qf3 0-1

[Event "Jm KP I 24-25 Univerzita B - Kurim A"]
[Site "?"]
[Date "2025.04.06"]
[Round "61.6"]
[White "Soucek, Andrej"]
[Black "Sebek, Jan"]
[Result "1-0"]
[WhiteElo "2035"]
[BlackElo "1865"]
[PlyCount "63"]

1. e4 c5 2. Nf3 d6 3. d4 cxd4 4. Nxd4 Nf6 5. Nc3 g6 6. Be3 Bg7 7. f3 Nc6 8. Qd2
O-O 9. O-O-O Bd7 10. g4 a6 11. h4 Qa5 12. Nb3 Qc7 13. h5 Ne5 14. hxg6 fxg6 15.
Nd4 Nc4 16. Bxc4+ Qxc4 17. Bh6 Rf7 18. Bxg7 Rxg7 19. g5 Nh5 20. Nf5 Bxf5 21.
exf5 Ng3 22. f6 exf6 23. gxf6 Rf7 24. Rh3 Nf5 25. Kb1 Rxf6 26. Nd5 Rf7 27. Nb6
Qc5 28. Nxa8 Qa7 29. Rdh1 Qxa8 30. Qd5 h5 31. Rg1 Ne7 32. Qxh5 1-0

[Event "Jm KP I 24-25 Univerzita B - Kurim A"]
[Site "?"]
[Date "2025.04.06"]
[Round "61.7"]
[White "Cepicka, Jiri"]
[Black "Krupica, Pavel"]
[Result "1/2-1/2"]
[WhiteElo "1905"]
[BlackElo "1913"]
[PlyCount "82"]

1. e4 c5 2. Nf3 Nc6 3. d4 cxd4 4. Nxd4 g6 5. Nc3 Bg7 6. Be3 Nf6 7. Be2 O-O 8.
Nb3 d6 9. h4 h5 10. f3 Be6 11. Qd2 a5 12. a3 a4 13. Nd4 Nxd4 14. Bxd4 d5 15. e5
Nd7 16. Qe3 Qc7 17. f4 Rfc8 18. O-O Nf8 19. Bd3 f5 20. Bb5 Nd7 21. Bxa4 Nc5 22.
Bb3 Nxb3 23. cxb3 Ra6 24. b4 Qc4 25. Rfc1 Qb3 26. Qd2 Rac6 27. b5 Rc4 28. Kf2
Kf7 29. Ke3 Bd7 30. Qc2 Qxc2 31. Rxc2 Bxb5 32. Rd2 Ba6 33. Nxd5 Rc1 34. Rxc1
Rxc1 35. e6+ Kf8 36. Bxg7+ Kxg7 37. Kd4 Rc4+ 38. Ke3 Re4+ 39. Kf3 Rxe6 40. Nc7
Rc6 41. Nxa6 bxa6 1/2-1/2

[Event "Jm KP I 24-25 Univerzita B - Kurim A"]
[Site "?"]
[Date "2025.04.06"]
[Round "61.8"]
[White "Kriz, Tomas"]
[Black "Zhukov, Nikita"]
[Result "1/2-1/2"]
[WhiteElo "1921"]
[BlackElo "1806"]
[PlyCount "68"]

1. e4 e5 2. Nf3 Nf6 3. Nxe5 Nxe4 4. Qe2 Qe7 5. Qxe4 d6 6. d4 dxe5 7. dxe5 Nc6
8. Bf4 f5 9. Qf3 Nxe5 10. Bxe5 Qxe5+ 11. Qe2 Bd6 12. Nd2 Be6 13. Qxe5 Bxe5 14.
O-O-O Kf7 15. Bc4 Rhe8 16. g3 Rad8 17. Bxe6+ Rxe6 18. Nc4 Bd6 19. Nxd6+ Rexd6
20. Rxd6 Rxd6 21. Re1 g5 22. Re5 Kf6 23. Re8 g4 24. Rf8+ Kg6 25. Rc8 Rd7 26.
Re8 h5 27. Rg8+ Rg7 28. Ra8 a6 29. Kd2 Kg5 30. Rf8 Re7 31. Rg8+ Kf6 32. Rf8+
Kg6 33. Rg8+ Kf6 34. Rf8+ Kg6 1/2-1/2

[Event "Jm KP I 24-25 Jundrov C - Orechov"]
[Site "?"]
[Date "2025.04.06"]
[Round "62.1"]
[White "Bednar, Jakub"]
[Black "Danad, Tomas"]
[Result "1/2-1/2"]
[WhiteElo "2159"]
[BlackElo "2179"]
[PlyCount "35"]
[EventDate "2024.11.24"]

1. e4 c5 2. Nf3 Nc6 3. Bb5 Nf6 4. Nc3 Qc7 5. O-O Nd4 6. d3 a6 7. Ba4 b5 8. Bb3
Nxb3 9. axb3 Bb7 10. Qe2 b4 11. Nb1 g6 12. Nbd2 Bg7 13. Nc4 O-O 14. h3 Rfe8 15.
Be3 d5 16. exd5 Nxd5 17. Ra5 Nxe3 18. Qxe3 1/2-1/2

[Event "Jm KP I 24-25 Jundrov C - Orechov"]
[Site "?"]
[Date "2025.04.06"]
[Round "62.2"]
[White "Husek, Martin"]
[Black "Ulcak, Michael"]
[Result "1/2-1/2"]
[WhiteElo "2248"]
[BlackElo "1854"]
[PlyCount "119"]
[EventDate "2024.11.24"]

1. e4 e5 2. Nf3 Nc6 3. Bb5 Nf6 4. O-O Nxe4 5. d4 Nd6 6. Bxc6 dxc6 7. dxe5 Nf5
8. Qxd8+ Kxd8 9. Rd1+ Ke8 10. h3 Bc5 11. Nc3 h6 12. b3 Be6 13. g4 Ne7 14. Na4
Bb4 15. a3 Ba5 16. c4 Bb6 17. Rb1 a6 18. Nxb6 cxb6 19. Nd4 Rd8 20. Be3 Bc8 21.
Nc2 Rxd1+ 22. Rxd1 c5 23. Kg2 Nc6 24. f4 h5 25. Kg3 g6 26. b4 hxg4 27. hxg4 Be6
28. bxc5 bxc5 29. Bxc5 Bxc4 30. Ne3 Be6 31. f5 gxf5 32. gxf5 Bb3 33. Rd3 Rg8+
34. Kf4 Ba4 35. Nd5 Rg4+ 36. Ke3 Rg3+ 37. Ke4 Rg4+ 38. Ke3 Rg3+ 39. Kd2 Rxd3+
40. Kxd3 Nxe5+ 41. Ke4 Nd7 42. Bb4 Bc6 43. Kd4 Bxd5 44. Kxd5 Nb6+ 45. Kc5 Nc8
46. Kd5 Ne7+ 47. Kd6 Nxf5+ 48. Kc7 b5 49. Kb6 Kd7 50. Kxa6 Kc6 51. a4 bxa4 52.
Ka5 a3 53. Bxa3 Ne3 54. Bc1 Nc4+ 55. Kb4 Kd5 56. Bf4 Ke4 57. Bb8 Ne5 58. Kc3 f5
59. Kd2 f4 60. Bxe5 1/2-1/2

[Event "Jm KP I 24-25 Jundrov C - Orechov"]
[Site "?"]
[Date "2025.04.06"]
[Round "62.3"]
[White "Svobodova, Michaela"]
[Black "Tlaskal, Martin"]
[Result "1-0"]
[WhiteElo "2073"]
[BlackElo "2073"]
[PlyCount "89"]
[EventDate "2024.11.24"]

1. e4 e5 2. Nf3 Nc6 3. Nc3 Nf6 4. d4 exd4 5. Nxd4 Bb4 6. Nxc6 bxc6 7. Bd3 O-O
8. O-O d5 9. exd5 cxd5 10. h3 Re8 11. Qf3 c6 12. Bf4 Qe7 13. Bg5 Bd6 14. Bxf6
Qxf6 15. Qxf6 gxf6 16. Rfe1 Bd7 17. Kf1 Re5 18. Ne2 Rb8 19. b3 c5 20. Ng3 Rb6
21. Rad1 a5 22. Be2 c4 23. Bf3 cxb3 24. cxb3 Bb5+ 25. Kg1 Rxe1+ 26. Rxe1 Bxg3
27. fxg3 d4 28. Rd1 Rd6 29. Kf2 f5 30. Be2 Bc6 31. Bd3 Be4 32. g4 Bxd3 33. Rxd3
fxg4 34. hxg4 Kg7 35. Kf3 Kg6 36. Ke4 Re6+ 37. Kxd4 Re2 38. a4 Rxg2 39. Kc5
Rxg4 40. Kb6 Rg5 41. b4 axb4 42. a5 Rg1 43. a6 Kf5 44. a7 Ra1 45. Rd5+ 1-0

[Event "Jm KP I 24-25 Jundrov C - Orechov"]
[Site "?"]
[Date "2025.04.06"]
[Round "62.4"]
[White "Lakatos, Tomas"]
[Black "Ruzicka, Frantisek"]
[Result "1-0"]
[WhiteElo "2052"]
[BlackElo "2044"]
[PlyCount "101"]
[EventDate "2024.11.24"]

1. d4 Nf6 2. Nc3 g6 3. e4 d6 4. Be3 Bg7 5. Qd2 O-O 6. O-O-O c6 7. f3 b5 8. g4
Ne8 9. h4 b4 10. Nb1 Qa5 11. a3 c5 12. h5 cxd4 13. Bxd4 Bxd4 14. Qxd4 bxa3 15.
Nxa3 Nc6 16. Qd5 Qxd5 17. exd5 Ne5 18. Nc4 Bb7 19. Nxe5 dxe5 20. Ne2 Nd6 21.
Nc3 Rac8 22. Bg2 Rc4 23. hxg6 hxg6 24. Rhe1 f6 25. Re3 g5 26. Bf1 Rd4 27. Bd3
Kf7 28. Be4 Rh8 29. Red3 Rb4 30. b3 Ba6 31. Re3 Rh2 32. Rd2 Rh8 33. Rd1 Rd4 34.
Na4 Rxd1+ 35. Kxd1 Rh1+ 36. Kd2 Rh2+ 37. Kc3 Re2 38. Rxe2 Bxe2 39. Kd2 Bb5 40.
Nc5 Kf8 41. c4 Be8 42. Bd3 Nc8 43. Kc3 Nb6 44. Bf5 Kg7 45. Ne6+ Kg8 46. Be4 Bd7
47. c5 Nc8 48. Bf5 Kh8 49. Kb4 a6 50. Ka5 Na7 51. Kxa6 1-0

[Event "Jm KP I 24-25 Jundrov C - Orechov"]
[Site "?"]
[Date "2025.04.06"]
[Round "62.5"]
[White "Ruzicka, Martin"]
[Black "Messerschmidt, Stanislav"]
[Result "1-0"]
[WhiteElo "1995"]
[BlackElo "1946"]
[PlyCount "75"]
[EventDate "2024.11.24"]

1. d4 e5 2. d5 Bc5 3. e4 d6 4. Nf3 f5 5. Bg5 Nf6 6. Nbd2 O-O 7. Bd3 f4 8. Qe2
h6 9. Bxf6 Qxf6 10. h3 a6 11. O-O-O b5 12. Kb1 Bb6 13. g4 fxg3 14. fxg3 c5 15.
c4 g5 16. Rhf1 Qg7 17. g4 Ra7 18. Ne1 Ba5 19. cxb5 axb5 20. Bxb5 Bxd2 21. Qxd2
Ba6 22. Rxf8+ Qxf8 23. Bxa6 Nxa6 24. Qe2 c4 25. Nc2 Nc5 26. Rf1 Rf7 27. Rxf7
Qxf7 28. Qxc4 Qf3 29. a4 Nxe4 30. Ka2 Nc5 31. b4 Nxa4 32. Qc8+ Qf8 33. Qc6 Qf3
34. Qxa4 Qxh3 35. b5 Qc3 36. b6 Qc5 37. b7 Qb6 38. Qa8+ 1-0

[Event "Jm KP I 24-25 Jundrov C - Orechov"]
[Site "?"]
[Date "2025.04.06"]
[Round "62.6"]
[White "Kubat, Pavel"]
[Black "Sipek, Oldrich"]
[Result "1/2-1/2"]
[WhiteElo "1936"]
[BlackElo "1946"]
[PlyCount "25"]
[EventDate "2024.11.24"]

1. d4 d5 2. Nc3 c6 3. Nf3 Nf6 4. Bf4 h6 5. e3 Bf5 6. Bd3 Bxd3 7. Qxd3 e6 8. O-O
Nbd7 9. e4 dxe4 10. Nxe4 Nxe4 11. Qxe4 Nf6 12. Qe2 Bd6 13. Bxd6 1/2-1/2

[Event "Jm KP I 24-25 Jundrov C - Orechov"]
[Site "?"]
[Date "2025.04.06"]
[Round "62.7"]
[White "Rysanek, Jakub"]
[Black "Kubicek, Pavel"]
[Result "1/2-1/2"]
[WhiteElo "1991"]
[BlackElo "1940"]
[PlyCount "97"]
[EventDate "2024.11.24"]

1. e4 e6 2. d4 d5 3. Nd2 dxe4 4. Nxe4 Nd7 5. Nf3 Ngf6 6. Bd3 Nxe4 7. Bxe4 Nf6
8. Bd3 Be7 9. O-O O-O 10. Bg5 b6 11. Qe2 Bb7 12. Bxf6 Bxf6 13. Be4 Bxe4 14.
Qxe4 Qd5 15. Rfe1 Rfd8 16. c3 Rac8 17. Qe2 c5 18. dxc5 Qxc5 19. Rad1 b5 20.
Rxd8+ Rxd8 21. Rd1 Rd5 22. Rxd5 Qxd5 23. h3 a6 24. a4 g6 25. axb5 axb5 26. Qc2
Qa2 27. g3 h5 28. h4 e5 29. Nd2 Qd5 30. b3 Be7 31. c4 bxc4 32. bxc4 Qc6 33. Nb3
f5 34. c5 Kf7 35. Qc4+ Qe6 36. Qc3 Bd8 37. Nd2 Qd5 38. Nc4 Bc7 39. Ne3 Qe6 40.
Qb4 f4 41. gxf4 exf4 42. Qb7 fxe3 43. Qxc7+ Ke8 44. Qb8+ Kd7 45. Qb7+ Ke8 46.
Qb5+ Ke7 47. Qe2 exf2+ 48. Kxf2 Qxe2+ 49. Kxe2 1/2-1/2

[Event "Jm KP I 24-25 Jundrov C - Orechov"]
[Site "?"]
[Date "2025.04.06"]
[Round "62.8"]
[White "Paral, Stanislav"]
[Black "Kala, Jakub"]
[Result "0-1"]
[WhiteElo "1965"]
[BlackElo "1889"]
[PlyCount "72"]
[EventDate "2024.11.24"]

1. b3 e5 2. Bb2 Nc6 3. e3 Nf6 4. c4 d6 5. d3 g6 6. a3 Bg7 7. Nd2 O-O 8. Qc2 Be6
9. Be2 Qe7 10. Ngf3 h6 11. b4 a6 12. Rc1 Nd7 13. O-O f5 14. b5 Nd8 15. a4 a5
16. Nb3 b6 17. Ba3 Kh8 18. g3 Qf6 19. Nfd2 f4 20. Bf3 Rc8 21. Ne4 Qe7 22. exf4
exf4 23. Rce1 Ne5 24. Nbd2 Bh3 25. Bg2 Bxg2 26. Kxg2 f3+ 27. Kh1 Qd7 28. Rg1
Qh3 29. Bb2 Ng4 30. Nf1 Nf7 31. Bxg7+ Kxg7 32. Qb2+ Nfe5 33. d4 Nxh2 34. Nxh2
Ng4 35. d5+ Kg8 36. Nf6+ Rxf6 0-1

[Event "Jm KP I 24-25 Veseli - Lipovec"]
[Site "?"]
[Date "2025.04.06"]
[Round "63.1"]
[White "Hudecek, Jan"]
[Black "Pernicova, Tana"]
[Result "1-0"]
[WhiteElo "2152"]
[BlackElo "1998"]
[PlyCount "93"]

1. d4 Nf6 2. c4 e6 3. g3 g6 4. Bg2 d5 5. Nf3 Bg7 6. O-O O-O 7. Nc3 c6 8. Qc2
Nbd7 9. b3 Nb6 10. c5 Nbd7 11. Bf4 Ne8 12. e4 f5 13. e5 h6 14. h4 Nc7 15. Rfc1
Qe7 16. Bf1 Rf7 17. b4 Nf8 18. a4 Bd7 19. b5 Qe8 20. Rcb1 Qd8 21. a5 cxb5 22.
Nxb5 Nxb5 23. Bxb5 Bxb5 24. Rxb5 a6 25. Rb6 Rc8 26. Qd2 Kh7 27. Rab1 Rcc7 28.
Kg2 Qc8 29. h5 g5 30. Bxg5 hxg5 31. Nxg5+ Kg8 32. Nxf7 Rxf7 33. f3 Kh7 34. Qb2
Qe8 35. Qc2 Kg8 36. Rxb7 Rxb7 37. Rxb7 Qxh5 38. c6 f4 39. c7 fxg3 40. Kxg3 Qg5+
41. Kf2 Qh4+ 42. Ke2 Qxd4 43. c8=Q Qxe5+ 44. Kf1 Qa1+ 45. Kg2 Qf6 46. Q8c7 e5
47. Qxg7+ 1-0

[Event "Jm KP I 24-25 Veseli - Lipovec"]
[Site "?"]
[Date "2025.04.06"]
[Round "63.3"]
[White "Skalka, Jan"]
[Black "Sekanina, Jiri"]
[Result "1/2-1/2"]
[WhiteElo "2006"]
[BlackElo "1973"]
[PlyCount "94"]

1. c4 c5 2. g3 g6 3. Bg2 Bg7 4. Nc3 Nc6 5. Nf3 e5 6. O-O d6 7. d3 Nge7 8. Ne1
Be6 9. Nc2 d5 10. cxd5 Nxd5 11. Ne3 Nde7 12. Nc4 O-O 13. Bg5 {[%emt 0:00:00]}
13... f6 14. Be3 b6 15. Qa4 Rc8 16. a3 Nd5 17. Nxd5 Bxd5 18. Bxd5+ Qxd5 19. Nd2
Rf7 20. Qc4 Qxc4 21. Nxc4 Rd7 22. Rfc1 Nd4 23. Bxd4 cxd4 24. b4 Bh6 25. Rc2
Rdc7 26. b5 Kf8 27. a4 Ke7 28. a5 bxa5 29. Rxa5 Rb7 30. Rca2 Rcc7 31. Kg2 e4
32. R2a4 exd3 33. exd3 Bg7 34. Ra2 Kd7 35. f4 Bf8 36. R2a4 Bc5 37. Kf3 f5 38.
Ne5+ Kd6 39. Nc6 Kd5 40. Rc4 Rc8 41. Nxa7 Bb6 42. Nxc8 Bxa5 43. b6 Bxb6 44. Rb4
Kc5 45. Rc4+ Kd5 46. Rb4 Kc5 47. Rc4+ Kd5 1/2-1/2

[Event "Jm KP I 24-25 Veseli - Lipovec"]
[Site "?"]
[Date "2025.04.06"]
[Round "63.4"]
[White "Mizak, Jan"]
[Black "Krizek, Frantisek"]
[Result "1/2-1/2"]
[WhiteElo "1902"]
[BlackElo "1916"]
[PlyCount "28"]

1. d4 c5 2. c3 cxd4 3. cxd4 d5 4. Nc3 Nf6 5. Nf3 Nc6 6. Qb3 Na5 7. Qd1 g6 8. g3
Bg7 9. Bg2 O-O 10. O-O Bf5 11. Nh4 Be6 12. Nf3 Bf5 13. Nh4 Be6 14. Nf3 Bf5
1/2-1/2

[Event "Jm KP I 24-25 Veseli - Lipovec"]
[Site "?"]
[Date "2025.04.06"]
[Round "63.5"]
[White "Vrtal, Jaruslav"]
[Black "Sevcik, Milos"]
[Result "0-1"]
[WhiteElo "1937"]
[BlackElo "1998"]
[PlyCount "68"]

1. d4 c6 2. Nf3 d5 3. e3 Bg4 4. c4 e6 5. Qb3 Qb6 6. Ne5 Bf5 7. Be2 Bxb1 8. Rxb1
Qxb3 9. axb3 Bd6 10. f4 Nd7 11. O-O Nxe5 12. fxe5 Bb4 13. Bh5 g6 14. Be2 Ne7
15. Ra1 Nf5 16. Bd3 h5 17. g3 a5 18. Kf2 Ke7 19. Ke2 b6 20. Bd2 Rhb8 21. Bc3
Bxc3 22. bxc3 dxc4 23. bxc4 Ng7 24. e4 Rd8 25. Ke3 Ne8 26. Rf2 Nc7 27. Rb2 Rdb8
28. Rab1 a4 29. Ra2 b5 30. cxb5 cxb5 31. h4 Ra7 32. Be2 Raa8 33. Bf3 Ra5 34. d5
34... Na6 {a dalsi tah je necitelny} 0-1

[Event "Jm KP I 24-25 Veseli - Lipovec"]
[Site "?"]
[Date "2025.04.06"]
[Round "63.6"]
[White "Flasar, Jan"]
[Black "Klenner, Richard"]
[Result "1/2-1/2"]
[WhiteElo "1803"]
[BlackElo "1951"]
[PlyCount "51"]

1. d4 Nf6 2. c4 e6 3. Nf3 Bb4+ 4. Bd2 Bxd2+ 5. Qxd2 O-O 6. Nc3 d5 7. e3 Qe7 8.
Bd3 dxc4 9. Bxc4 c5 10. O-O cxd4 11. exd4 b6 12. Qf4 Ba6 13. Bxa6 Nxa6 14. a3
Nc7 15. h4 Ncd5 16. Qg5 h6 17. Nxd5 Nxd5 18. Qg4 Rac8 19. Rac1 Qf6 20. g3 Rfd8
21. Ne5 Ne7 22. Rfd1 Qf5 23. Qxf5 Nxf5 24. Rxc8 Rxc8 25. d5 exd5 26. Rxd5
1/2-1/2

[Event "Jm KP I 24-25 Veseli - Lipovec"]
[Site "?"]
[Date "2025.04.06"]
[Round "63.7"]
[White "Kusalik, Roman"]
[Black "Sevcik, Milan"]
[Result "1-0"]
[WhiteElo "2023"]
[BlackElo "1807"]
[PlyCount "105"]

1. e4 e5 2. f4 d5 3. exd5 exf4 4. Nf3 Bg4 5. Nc3 Bxf3 6. Qxf3 Qh4+ 7. g3 fxg3
8. hxg3 Qf6 9. Bb5+ c6 10. Qe4+ Qe7 11. dxc6 Nxc6 12. d3 Nf6 13. Qxe7+ Bxe7 14.
Bg5 O-O 15. O-O-O Nd5 16. Bxe7 Ndxe7 17. Rdf1 a6 18. Bc4 b5 19. Bb3 Nd4 20. Rf4
Nxb3+ 21. axb3 Ng6 22. Re4 Rfe8 23. Rhe1 Kf8 24. Nd5 Rxe4 25. Rxe4 f5 26. Re2
Rd8 27. c4 Rd7 28. Rf2 Ne7 29. Nxe7 Kxe7 30. Kd2 Ke6 31. Ke3 Ke5 32. Rf4 g5 33.
d4+ Kf6 34. Rf1 h5 35. Ra1 Re7+ 36. Kd3 Re6 37. d5 bxc4+ 38. bxc4 Rb6 39. c5
Rb3+ 40. Kd4 Rxg3 41. c6 Ke7 42. Kc5 Rg2 43. Re1+ Kd8 44. Kd6 Rc2 45. Re7 f4
46. c7+ Kc8 47. Re8+ Kb7 48. Rb8+ Ka7 49. c8=Q Rxc8 50. Rxc8 g4 51. Kc6 f3 52.
Rc7+ Kb8 53. Rf7 1-0

[Event "Jm KP I 24-25 Veseli - Lipovec"]
[Site "?"]
[Date "2025.04.06"]
[Round "63.8"]
[White "Jirasko, Martin"]
[Black "Skalka, Michal"]
[Result "1/2-1/2"]
[WhiteElo "1764"]
[BlackElo "1930"]
[PlyCount "43"]

1. e4 c5 2. Nf3 Nc6 3. d4 cxd4 4. Nxd4 g6 5. Bc4 Nf6 6. Nc3 Bg7 7. Nxc6 bxc6 8.
O-O O-O 9. Bf4 Qb6 10. Rb1 Nh5 11. Bd2 d6 12. Be2 Nf6 13. Be3 Qb4 14. a3 Qa5
15. Bd4 c5 16. Bxf6 Bxf6 17. Nd5 Kg7 18. Nxf6 Kxf6 19. Bc4 Kg7 20. Qe1 Qxe1 21.
Rfxe1 Bb7 22. Bd5 1/2-1/2

[Event "Jm KP I 24-25 Duras B-Vyskov"]
[Site "?"]
[Date "2025.04.06"]
[Round "64.1"]
[White "Kredl, Karel"]
[Black "Cermak, Jan"]
[Result "1/2-1/2"]
[WhiteElo "2055"]
[BlackElo "2054"]
[PlyCount "197"]
[EventDate "2022.02.06"]

1. d4 d5 2. c4 c6 3. Nf3 Nf6 4. e3 e6 5. Nbd2 Bd6 6. Bd3 Nbd7 7. O-O O-O 8. e4
dxe4 9. Nxe4 Nxe4 10. Bxe4 h6 11. Bc2 Re8 12. Qd3 Nf8 13. Bd2 c5 14. Rad1 Qe7
15. Rfe1 cxd4 16. Nxd4 Rd8 17. Nf5 Qc7 18. Nxd6 Qxd6 19. Qxd6 Rxd6 20. Bb4 Rxd1
21. Rxd1 Nd7 22. Ba4 Ne5 23. Rd8+ Kh7 24. Bc2+ f5 25. Bc3 Nc6 26. Rf8 b6 27.
Ba4 Na5 28. Rf7 h5 29. Rxg7+ Kh6 30. Rc7 Ba6 31. Bxa5 bxa5 32. h4 Rd8 33. b3
Bc8 34. Rxa7 e5 35. Rc7 Kg6 36. Rc6+ Kg7 37. Rc5 Kf6 38. Rc6+ Kf7 39. Kh2 f4
40. Rc7+ Kf6 41. Bc6 Bf5 42. f3 Rd2 43. Bd5 Bd3 44. Rf7+ Kg6 45. Rd7 Rxa2 46.
Bf7+ Kf6 47. Rxd3 Kxf7 48. Rd5 Ke6 49. Rb5 a4 50. Rb6+ Ke7 51. bxa4 Rxa4 52. c5
Rc4 53. c6 Kd6 54. c7+ Kxc7 55. Rh6 Kd7 56. Rxh5 Ke6 57. Rh8 Kf7 58. Rh5 Kf6
59. Rh6+ Kf7 60. Kh3 Rc2 61. Ra6 Kg7 62. Ra4 Kf6 63. g3 Rc3 64. Kg4 fxg3 65.
Kxg3 Kf5 66. Ra5 Rb3 67. Rc5 Ra3 68. h5 Ra1 69. Rc4 Kg5 70. Rc5 Kxh5 71. Rxe5+
Kg6 72. Kg4 Kf6 73. Rb5 Ra6 74. f4 Kg6 75. Rb8 Kf6 76. Rh8 Kg7 77. Rh5 Kg6 78.
Rb5 Kf6 79. Rh5 Kg6 80. f5+ Kf7 81. Rh7+ Kf8 82. Rb7 Ra4+ 83. Kg5 Ra6 84. Rc7
Rb6 85. Ra7 Rc6 86. Rh7 Ra6 87. Rh6 Rxh6 88. Kxh6 Kf7 89. Kg5 Kg7 90. Kg4 Kf6
91. Kf4 Kf7 92. Ke5 Ke7 93. f6+ Kf7 94. Kf5 Kf8 95. Kg5 Kf7 96. Kf5 Kf8 97. Kg6
Kg8 98. f7+ Kf8 99. Kf6 1/2-1/2

[Event "Jm KP I 24-25 Duras B-Vyskov"]
[Site "?"]
[Date "2025.04.06"]
[Round "64.2"]
[White "Volak, Simon"]
[Black "Tuma, Miroslav"]
[Result "1/2-1/2"]
[WhiteElo "2160"]
[BlackElo "1856"]
[PlyCount "98"]
[EventDate "2022.02.06"]

1. d4 d5 2. c4 c6 3. cxd5 cxd5 4. Nc3 Nf6 5. Bf4 a6 6. e3 Bf5 7. Rc1 e6 8. Nf3
Nc6 9. Ne5 Nxe5 10. Bxe5 Bd6 11. Bxd6 Qxd6 12. Qa4+ Ke7 13. Be2 Rac8 14. O-O
Ng4 15. Bxg4 Bxg4 16. f3 b5 17. Qd1 Bh5 18. Qd2 Rhd8 19. a3 Bg6 20. Na2 Rc4 21.
Rc3 Rdc8 22. Rfc1 Kd7 23. Nb4 Qb6 24. b3 Rxc3 25. Rxc3 a5 26. Na2 Rc6 27. Qc1
Rxc3 28. Qxc3 Bb1 29. Nc1 Qc7 30. Ne2 Qxc3 31. Nxc3 Bd3 32. b4 axb4 33. axb4 f5
34. Kf2 Ke7 35. Kg3 g5 36. Nd1 Kf6 37. Nf2 Bc2 38. h4 h6 39. Nh3 e5 40. hxg5+
hxg5 41. dxe5+ Kxe5 42. Nxg5 d4 43. Kf2 Kd5 44. Ke2 dxe3 45. Kxe3 Kc4 46. Kd2
Bb1 47. Kc1 Bd3 48. Nf7 Kxb4 49. Ne5 Kc3 1/2-1/2

[Event "Jm KP I 24-25 Duras B-Vyskov"]
[Site "?"]
[Date "2025.04.06"]
[Round "64.3"]
[White "Fencl, Vaclav"]
[Black "Zabloudil, Radek"]
[Result "0-1"]
[WhiteElo "1896"]
[BlackElo "1925"]
[PlyCount "168"]
[EventDate "2022.02.06"]

1. e4 c5 2. Nc3 g6 3. f4 Bg7 4. Nf3 e6 5. Bc4 Ne7 6. O-O O-O 7. d3 d5 8. Bb3
Nbc6 9. Qe1 Rb8 10. a4 a6 11. Qh4 b5 12. f5 exf5 13. Bh6 c4 14. Ba2 dxe4 15.
Ng5 Qd4+ 16. Kh1 exd3 17. Rf4 Qf6 18. cxd3 Bxh6 19. Qxh6 Qg7 20. Rh4 Qxh6 21.
Rxh6 f6 22. axb5 axb5 23. Nxh7 Rf7 24. dxc4 Nb4 25. cxb5 Nxa2 26. Rxa2 Rxh7 27.
Rxh7 Kxh7 28. Ra7 Rb7 29. b6 Nc6 30. Rxb7+ Bxb7 31. Nd5 Kg7 32. b4 Kf7 33. b5
Ne5 34. Ne3 f4 35. Nc2 Nc4 36. Kg1 Nxb6 37. Kf2 Ke7 38. Nd4 Kd6 39. Nb3 Bd5 40.
Nd4 Kc5 41. Ne2 g5 42. h4 Kxb5 43. hxg5 fxg5 44. g3 Kc5 45. gxf4 g4 46. Ng3 Kd4
47. Nf5+ Ke4 48. Nh6 Kxf4 49. Nxg4 Kxg4 50. Ke3 Kf5 51. Kd4 Ke6 52. Kc5 Nd7+
53. Kd4 Kd6 54. Kd3 Ke5 55. Kc3 Ke4 56. Kd2 Kd4 57. Kc2 Ne5 58. Kb2 Kc4 59. Kc2
Nf3 60. Kb2 Be4 61. Ka3 Kc3 62. Ka2 Nd4 63. Ka3 Bd5 64. Ka4 Be6 65. Ka3 Nb5+
66. Ka4 Kc4 67. Ka5 Nd4 68. Ka4 Nc2 69. Ka5 Kc5 70. Ka4 Bd5 71. Ka5 Bb3 72. Ka6
Nb4+ 73. Ka5 Nc6+ 74. Ka6 Ba4 75. Kb7 Nd8+ 76. Ka6 Bb5+ 77. Ka7 Kc6 78. Kb8 Ne6
79. Ka7 Kc7 80. Ka8 Nd4 81. Ka7 Bc4 82. Ka8 Ba6 83. Ka7 Bc8 84. Ka8 Bb7+ 0-1

[Event "Jm KP I 24-25 Duras B-Vyskov"]
[Site "?"]
[Date "2025.04.06"]
[Round "64.4"]
[White "Rozumek, Vlastimil"]
[Black "Zavadil, Michal"]
[Result "1/2-1/2"]
[WhiteElo "1946"]
[BlackElo "1990"]
[PlyCount "30"]
[EventDate "2022.02.06"]

1. d4 e6 2. Nf3 f5 3. c4 Nf6 4. Bf4 b6 5. e3 Bb7 6. Bd3 Be7 7. Nc3 d6 8. h3 Ne4
9. Qc2 Nxc3 10. Qxc3 a5 11. a3 Nd7 12. Be2 Bf6 13. O-O Qe7 14. Qc2 e5 15. Bh2
g6 1/2-1/2

[Event "Jm KP I 24-25 Duras B-Vyskov"]
[Site "?"]
[Date "2025.04.06"]
[Round "64.6"]
[White "Matejic, Radim"]
[Black "Hyrs, Martin"]
[Result "1/2-1/2"]
[WhiteElo "1920"]
[BlackElo "1831"]
[PlyCount "27"]
[EventDate "2022.02.06"]

1. d4 Nf6 2. c4 e6 3. Nc3 d5 4. Bg5 Be7 5. e3 O-O 6. Nf3 Nbd7 7. cxd5 exd5 8.
Bd3 c6 9. Qc2 Re8 10. O-O Nf8 11. Rab1 a5 12. a3 Ne4 13. Bxe7 Qxe7 14. b4
1/2-1/2